| Tag |
First Indicator |
Second Indicator |
Subfields |
| LEADER |
00000cam a22000008a 4500 |
| 001 |
in00002420621 |
| 005 |
20151110122738.0 |
| 008 |
080805s2009 nyu 000 1 eng |
| 010 |
|
|
|a 2008034354
|
| 020 |
|
|
|a 9780060784744 (acid-free paper)
|
| 020 |
|
|
|a 0060784741 (acid-free paper)
|
| 029 |
1 |
|
|a NZ1
|b 12877868
|
| 035 |
|
|
|a (OCoLC)ocn240194513
|
| 035 |
|
|
|a (OCoLC)240194513
|
| 040 |
|
|
|a DLC
|c DLC
|d BTCTA
|d YDXCP
|d YDX
|d IK2
|d FN4
|d UtOrBLW
|
| 049 |
|
|
|a TXAM
|
| 050 |
0 |
0 |
|a PS3561.I775
|b S34 2009
|
| 082 |
0 |
0 |
|a 813/.54
|2 22
|
| 100 |
1 |
|
|a Kirshenbaum, Binnie.
|
| 245 |
1 |
4 |
|a The scenic route :
|b a novel /
|c Binnie Kirshenbaum.
|
| 250 |
|
|
|a 1st ed.
|
| 263 |
|
|
|a 0903
|
| 264 |
|
1 |
|a New York :
|b Ecco,
|c 2009.
|
| 300 |
|
|
|a 317, 18 pages ;
|c 21 cm.
|
| 336 |
|
|
|a text
|b txt
|2 rdacontent
|
| 337 |
|
|
|a unmediated
|b n
|2 rdamedia
|
| 338 |
|
|
|a volume
|b nc
|2 rdacarrier
|
| 520 |
|
|
|a Divorced, alone, and unexpectedly unemployed, Sylvia Landsman flees to Italy, where she meets Henry, a wistful, married, middle-aged expatriate. Taking off on a grand tour of Europe bankrolled with his wife's money, Henry and Sylvia follow a circuitious route around the continent as Sylvia entertains Henry with stories of her peculiar family and her damaged friends.--From publisher's description.
|
| 650 |
|
0 |
|a Women
|v Fiction.
|
| 650 |
|
0 |
|a Self-actualization (Psychology)
|v Fiction.
|
| 650 |
|
0 |
|a Americans
|z Europe
|v Fiction.
|
| 650 |
|
0 |
|a Friendship
|v Fiction.
|
| 655 |
|
0 |
|a Psychological fiction.
|
| 655 |
|
7 |
|a Love stories.
|2 gsafd
|
| 655 |
|
7 |
|a Humorous fiction.
|2 gsafd
|
| 938 |
|
|
|a Baker and Taylor
|b BTCP
|n BK0007974451
|
| 938 |
|
|
|a YBP Library Services
|b YANK
|n 2988907
|
| 945 |
|
|
|a PromptCat
|b 720467
|
| 946 |
|
|
|a stk
|
| 947 |
|
|
|a A14840108950
|
| 994 |
|
|
|a 92
|b TXA
|
| 948 |
|
|
|a cataloged
|b h
|d 2009/6/12
|h c
|e asalazar
|f 2:23:15 pm
|
| 999 |
|
|
|a MARS
|
| 999 |
f |
f |
|s 5a1d26d5-0bd0-3d70-a39f-0f4732965ce5
|i 860430fc-d6b8-36f9-8599-484c58c9ebdf
|t 0
|
| 952 |
f |
f |
|p ric
|a Texas A&M University
|b Rellis Campus
|c Joint Library Facility
|d Remote Storage
|t 0
|e PS3561.I775 S34 2009
|h Library of Congress classification
|i unmediated -- volume
|m A14840108950
|
| 998 |
f |
f |
|a PS3561.I775 S34 2009
|t 0
|l Remote Storage
|